Quizzes
Events
Quiz Creation
Community
Videos
Private Events
Remove Ads
Sign In
Join for FREE
Feedback
Dark Mode
Quiz Categories
Sports
Geography
Music
Movies
Television
Just For Fun
Miscellaneous
History
Literature
Language
Science
Gaming
Entertainment
Religion
Holiday
For Kids
Quiz Lab
Recent
Popular Today
Quiz Kudos Today
Editor Picks
Curator Picks
Quizzes by...
Day
Popularity
Type
Ratings
Length
Year
Community
Subscriptions
Recent Discussions
Orange Saloon
Badges
Playlists
Quests
Create
Leaderboards
Showdown
Live 5
Trivia Bingo
Activity
Puzzle Library
Sporcle Events
Private Events
Virtual Trivia
Globe League
Become a Host
Pub Owners
SporcleCon
Opinionation
Our Games
Videos
Blog
Mobile Apps
Partnerships
Remove Ads and Go Orange
Feedback
Sports
Athletes
MLB
NBA
NHL
NFL
Soccer
Sports Teams
WWE
NCAA
Football
Premier League
Basketball
Baseball
Hockey
Golf
Tennis
Cricket
Rugby
Auto Racing
Olympics
World Cup
Sports
Athletes
MLB
NBA
NHL
NFL
Soccer
Sports Teams
WWE
NCAA
Football
Premier League
Basketball
Baseball
Hockey
Golf
Tennis
Cricket
Rugby
Auto Racing
Olympics
World Cup
Random Quiz
Search Sporcle
×
Quiz Lab
Quiz Lab
Sports
WWE
Type in answers that appear in a list
Type in answers that appear in a list
Classic
Best Score? Go Orange.
2016 Title Matches in WWE Stats
Can you name the participants in all televised championship matches in WWE in 2016?
By
antagonjst
10m
296 Questions
3,687 Plays
3,687 Plays
3,687 Plays
Comments
Comments
Give Quiz Kudos
Give Quiz Kudos
-
- Ratings
hide this ad
Replay
Link that replays current quiz
Next Quiz
Link to next quiz in quiz playlist
You Got
0%
They Got
Avg Score
81%
Avg Friend Score
Upgrade to see
Score Distribution
Jump to the score distribution portion of the page
Score
0/296
Timer
10:00
0
Plays Today
Title
Wrestler
% Correct
WWE United States Championship
Roman Reigns
98%
WWE United States Championship
Roman Reigns
98%
WWE United States Championship
Roman Reigns
98%
WWE World Championship
Roman Reigns
97.8%
WWE World Championship
Roman Reigns
97.8%
WWE World Championship
Roman Reigns
97.8%
WWE World Championship
Roman Reigns
97.8%
WWE World Championship
Roman Reigns
97.8%
WWE World Championship
Roman Reigns
97.8%
WWE World Championship
Roman Reigns
97.8%
WWE Universal Championship
Roman Reigns
97.8%
WWE Universal Championship
Seth Rollins
97.3%
WWE Universal Championship
Seth Rollins
97.3%
WWE Universal Championship
Seth Rollins
97.3%
WWE World Championship
Seth Rollins
97.2%
WWE World Championship
Seth Rollins
97.2%
WWE World Championship
Seth Rollins
97.2%
WWE World Championship
Seth Rollins
97.2%
WWE World Championship
Seth Rollins
97.2%
WWE Universal Championship
Seth Rollins
97.2%
WWE Universal Championship
Seth Rollins
97.2%
WWE World Championship
Dean Ambrose
97%
WWE World Championship
Dean Ambrose
96.9%
WWE World Championship
Dean Ambrose
96.9%
WWE World Championship
Dean Ambrose
96.9%
WWE World Championship
Dean Ambrose
96.9%
WWE World Championship
Dean Ambrose
96.9%
WWE World Championship
Dean Ambrose
96.9%
WWE World Championship
Dean Ambrose
96.9%
WWE World Championship
Dean Ambrose
96.9%
WWE Intercontinental Championship
Dean Ambrose
96.9%
WWE Intercontinental Championship
Dean Ambrose
96.9%
WWE Intercontinental Championship
Dean Ambrose
96.9%
WWE World Championship
Dean Ambrose
96.9%
WWE World Championship
Dean Ambrose
96.9%
WWE Universal Championship
Kevin Owens
95.3%
WWE Intercontinental Championship
Kevin Owens
95.3%
WWE Intercontinental Championship
Kevin Owens
95.3%
WWE Intercontinental Championship
Kevin Owens
95.3%
WWE Intercontinental Championship
Kevin Owens
95.3%
WWE Intercontinental Championship
Kevin Owens
95.3%
WWE Intercontinental Championship
Kevin Owens
95.3%
WWE Universal Championship
Kevin Owens
95.2%
WWE Universal Championship
Kevin Owens
95.1%
WWE Universal Championship
Kevin Owens
95.1%
WWE World Championship
Triple H
94.2%
WWE World Championship
Triple H
94.2%
WWE World Championship
Triple H
94.2%
WWE World Championship
AJ Styles
94.2%
WWE Intercontinental Championship
The Miz
94%
WWE Intercontinental Championship
The Miz
94%
WWE Intercontinental Championship
The Miz
94%
WWE Intercontinental Championship
The Miz
94%
WWE Intercontinental Championship
The Miz
94%
WWE Intercontinental Championship
The Miz
94%
WWE Intercontinental Championship
The Miz
94%
WWE Intercontinental Championship
The Miz
94%
WWE Intercontinental Championship
The Miz
94%
WWE Intercontinental Championship
The Miz
94%
WWE World Championship
AJ Styles
94%
WWE Universal Championship
Finn Bálor
94%
NXT Championship
Finn Bálor
94%
NXT Championship
Finn Bálor
94%
WWE World Championship
AJ Styles
94%
WWE World Championship
AJ Styles
94%
WWE World Championship
AJ Styles
94%
WWE World Championship
AJ Styles
94%
WWE World Championship
AJ Styles
94%
Raw Tag Team Championship
AJ Styles
94%
WWE World Championship
John Cena
94%
WWE Intercontinental Championship
The Miz
93.9%
WWE Intercontinental Championship
The Miz
93.9%
WWE Intercontinental Championship
The Miz
93.9%
WWE Intercontinental Championship
The Miz
93.8%
Raw Tag Team Championship
Sheamus
93.5%
Raw Tag Team Championship
Sheamus
93.4%
WWE World Championship
Sheamus
93.3%
WWE World Championship
Sheamus
93.3%
Raw Tag Team Championship
Sheamus
93.3%
Raw Tag Team Championship
Sheamus
93.3%
WWE World Championship
Dolph Ziggler
92.5%
WWE Intercontinental Championship
Dolph Ziggler
92.5%
WWE Intercontinental Championship
Dolph Ziggler
92.5%
WWE Intercontinental Championship
Dolph Ziggler
92.5%
WWE Intercontinental Championship
Dolph Ziggler
92.5%
WWE Intercontinental Championship
Dolph Ziggler
92.4%
WWE Intercontinental Championship
Dolph Ziggler
92.3%
WWE Intercontinental Championship
Dolph Ziggler
92.3%
WWE Intercontinental Championship
Dolph Ziggler
92.2%
WWE Intercontinental Championship
The Miz
92%
Raw Tag Team Championship
Kofi Kingston
91.5%
Raw Tag Team Championship
Kofi Kingston
91.5%
Raw Tag Team Championship
Kofi Kingston
91.5%
Raw Tag Team Championship
Kofi Kingston
91.5%
Raw Tag Team Championship
Kofi Kingston
91.5%
Raw Tag Team Championship
Kofi Kingston
91.5%
Raw Tag Team Championship
Kofi Kingston
91.4%
Raw Tag Team Championship
Kofi Kingston
91.4%
Raw Tag Team Championship
Big E
91.3%
Title
Wrestler
% Correct
Raw Tag Team Championship
Big E
91.3%
Raw Tag Team Championship
Big E
91.3%
Raw Tag Team Championship
Big E
91.3%
Raw Tag Team Championship
Big E
91.3%
Raw Tag Team Championship
Big E
91.3%
Raw Tag Team Championship
Big E
91.3%
Raw Tag Team Championship
Kofi Kingston
91.3%
Raw Tag Team Championship
Big E
91.2%
Raw Tag Team Championship
Kofi Kingston
91.2%
Raw Tag Team Championship
Kofi Kingston
91.2%
Raw Tag Team Championship
Big E
91.1%
Raw Tag Team Championship
Big E
91%
Raw Tag Team Championship
Big E
90.9%
Raw Tag Team Championship
Big E
90.9%
Raw Tag Team Championship
Xavier Woods
90.7%
Raw Tag Team Championship
Xavier Woods
90.7%
Raw Tag Team Championship
Xavier Woods
90.7%
WWE Divas Championship
Charlotte
90.4%
WWE Divas Championship
Charlotte
90.4%
WWE Divas Championship
Charlotte
90.4%
WWE Divas Championship
Charlotte
90.4%
Raw Women's Championship
Charlotte
90.4%
Raw Women's Championship
Charlotte
90.4%
Raw Women's Championship
Charlotte
90.4%
Raw Women's Championship
Charlotte
90.4%
Raw Women's Championship
Charlotte
90.4%
Raw Women's Championship
Charlotte
90.4%
Raw Women's Championship
Charlotte
90.4%
Raw Women's Championship
Charlotte
90.2%
Raw Women's Championship
Charlotte
90.1%
WWE United States Championship
Rusev
90%
WWE United States Championship
Rusev
90%
WWE United States Championship
Rusev
90%
WWE United States Championship
Rusev
90%
WWE United States Championship
Rusev
90%
WWE United States Championship
Rusev
90%
WWE United States Championship
Rusev
90%
WWE United States Championship
Rusev
90%
Raw Tag Team Championship
Rusev
90%
Raw Women's Championship
Charlotte Flair
90%
Raw Women's Championship
Charlotte Flair
89.9%
Raw Tag Team Championship
Cesaro
89.7%
Raw Women's Championship
Sasha Banks
89.6%
Raw Women's Championship
Sasha Banks
89.6%
Raw Women's Championship
Sasha Banks
89.6%
Raw Tag Team Championship
Cesaro
89.5%
WWE United States Championship
Rusev
89.5%
Raw Women's Championship
Sasha Banks
89.4%
WWE United States Championship
Rusev
89.4%
WWE United States Championship
Rusev
89.4%
Raw Women's Championship
Sasha Banks
89.2%
Raw Women's Championship
Sasha Banks
89.1%
Raw Women's Championship
Sasha Banks
89%
WWE Intercontinental Championship
Cesaro
89%
WWE Intercontinental Championship
Cesaro
89%
WWE Intercontinental Championship
Cesaro
89%
WWE United States Championship
Cesaro
89%
WWE United States Championship
Cesaro
89%
SmackDown Tag Team Championship
Jimmy Uso
88.2%
SmackDown Tag Team Championship
Jey Uso
88.2%
WWE Divas Championship
Becky Lynch
88.2%
WWE Divas Championship
Becky Lynch
88.2%
Raw Women's Championship
Becky Lynch
88.2%
SmackDown Women's Championship
Becky Lynch
88.2%
SmackDown Tag Team Championship
Jimmy Uso
88.1%
SmackDown Tag Team Championship
Jey Uso
88.1%
SmackDown Women's Championship
Becky Lynch
87.9%
SmackDown Women's Championship
Becky Lynch
87.5%
Raw Tag Team Championship
Jey Uso
87.3%
Raw Tag Team Championship
Jimmy Uso
87.3%
WWE Intercontinental Championship
Sami Zayn
86.6%
WWE Intercontinental Championship
Sami Zayn
86.6%
WWE Universal Championship
Big Cass
86.6%
Raw Tag Team Championship
Big Cass
86.6%
NXT Tag Team Championship
Big Cass
86.6%
NXT Women's Championship
Bayley
86.6%
NXT Women's Championship
Bayley
86.6%
NXT Women's Championship
Bayley
86.6%
Raw Women's Championship
Bayley
86.5%
WWE Intercontinental Championship
Sami Zayn
86.5%
NXT Championship
Samoa Joe
85.2%
NXT Championship
Samoa Joe
85.2%
NXT Championship
Samoa Joe
85.2%
Raw Tag Team Championship
Chris Jericho
84.7%
NXT Championship
Samoa Joe
84.5%
WWE Intercontinental Championship
Zack Ryder
84.3%
WWE Intercontinental Championship
Zack Ryder
84.3%
WWE Intercontinental Championship
Zack Ryder
84.3%
WWE United States Championship
Zack Ryder
84.3%
SmackDown Women's Championship
Alexa Bliss
84.1%
SmackDown Women's Championship
Alexa Bliss
83.9%
SmackDown Women's Championship
Alexa Bliss
83.5%
WWE United States Championship
Alberto del Rio
83.4%
WWE United States Championship
Alberto del Rio
83.4%
WWE United States Championship
Alberto del Rio
83.4%
WWE United States Championship
Alberto del Rio
83.4%
Raw Tag Team Championship
Alberto del Rio
83.4%
WWE United States Championship
Kalisto
83.2%
WWE United States Championship
Kalisto
83.2%
Title
Wrestler
% Correct
WWE United States Championship
Kalisto
83.2%
WWE United States Championship
Kalisto
83.2%
WWE United States Championship
Kalisto
83.2%
WWE United States Championship
Kalisto
83.2%
WWE United States Championship
Kalisto
83.2%
WWE United States Championship
Kalisto
83.2%
WWE United States Championship
Kalisto
83.2%
Raw Tag Team Championship
Enzo Amore
83.1%
NXT Tag Team Championship
Enzo Amore
83.1%
WWE Divas Championship
Natalya
82.6%
Raw Women's Championship
Natalya
82.6%
Raw Women's Championship
Natalya
82.6%
Raw Women's Championship
Natalya
82.6%
SmackDown Women's Championship
Natalya
82.6%
SmackDown Tag Team Championship
Heath Slater
82.4%
WWE Cruiserweight Championship
Kalisto
82.3%
NXT Championship
Shinsuke Nakamura
82.2%
NXT Championship
Shinsuke Nakamura
81.9%
WWE Cruiserweight Championship
TJ Perkins
81.7%
WWE Cruiserweight Championship
TJ Perkins
81.6%
WWE Cruiserweight Championship
TJ Perkins
81.4%
SmackDown Women's Championship
Nikki Bella
81.3%
WWE Cruiserweight Championship
TJ Perkins
81.3%
NXT Women's Championship
Asuka
80.6%
NXT Women's Championship
Asuka
80.6%
NXT Women's Championship
Asuka
80.6%
NXT Women's Championship
Asuka
80.5%
SmackDown Tag Team Championship
Heath Slater
80.4%
SmackDown Tag Team Championship
Heath Slater
80.2%
WWE Divas Championship
Brie Bella
79.9%
SmackDown Tag Team Championship
Rhyno
79.8%
SmackDown Tag Team Championship
Rhyno
79.8%
SmackDown Tag Team Championship
Rhyno
79.6%
SmackDown Women's Championship
Naomi
79.4%
WWE Cruiserweight Championship
Brian Kendrick
78.6%
WWE Cruiserweight Championship
The Brian Kendrick
78.4%
WWE Cruiserweight Championship
The Brian Kendrick
78.2%
Raw Tag Team Championship
Luke Gallows
78.1%
Raw Tag Team Championship
Luke Gallows
78.1%
WWE Cruiserweight Championship
The Brian Kendrick
78.1%
WWE Cruiserweight Championship
The Brian Kendrick
78.1%
Raw Tag Team Championship
Karl Anderson
77.8%
Raw Tag Team Championship
Karl Anderson
77.8%
Raw Tag Team Championship
Luke Gallows
77.2%
Raw Tag Team Championship
Karl Anderson
77%
NXT Tag Team Championship
Jason Jordan
76.9%
NXT Tag Team Championship
Jason Jordan
76.9%
NXT Tag Team Championship
Jason Jordan
76.9%
Raw Tag Team Championship
Luke Gallows
76.8%
NXT Tag Team Championship
Chad Gable
76.7%
NXT Tag Team Championship
Chad Gable
76.7%
NXT Tag Team Championship
Chad Gable
76.7%
Raw Tag Team Championship
Karl Anderson
76.6%
Raw Tag Team Championship
Luke Gallows
76.3%
Raw Tag Team Championship
Karl Anderson
76%
SmackDown Women's Championship
Carmella
75.6%
NXT Women's Championship
Carmella
75.6%
WWE United States Championship
Ryback
74.6%
NXT Tag Team Championship
Scott Dawson
73.8%
NXT Tag Team Championship
Scott Dawson
73.8%
NXT Tag Team Championship
Scott Dawson
73.8%
NXT Tag Team Championship
Scott Dawson
73.8%
NXT Tag Team Championship
Scott Dawson
73.8%
WWE United States Championship
Ryback
73.6%
Raw Tag Team Championship
King Barrett
73.5%
Raw Tag Team Championship
King Barrett
73.5%
NXT Tag Team Championship
Dash Wilder
73.3%
NXT Tag Team Championship
Dash Wilder
73.3%
NXT Tag Team Championship
Dash Wilder
73.3%
NXT Tag Team Championship
Dash Wilder
73.3%
NXT Tag Team Championship
Dash Wilder
73.3%
WWE Intercontinental Championship
Stardust
72.7%
WWE Intercontinental Championship
Stardust
72.7%
NXT Women's Championship
Nia Jax
72%
WWE Intercontinental Championship
Sin Cara
71.6%
WWE Cruiserweight Championship
Rich Swann
71.3%
WWE World Championship
James Ellsworth
68.4%
NXT Tag Team Championship
Johnny Gargano
67.7%
NXT Tag Team Championship
Tommaso Ciampa
67%
Raw Tag Team Championship
Aiden English
65.7%
Raw Tag Team Championship
Aiden English
65.7%
Raw Tag Team Championship
Simon Gotch
64.6%
Raw Tag Team Championship
Simon Gotch
64.6%
NXT Women's Championship
Mickie James
63.1%
WWE United States Championship
Titus O'Neil
62.8%
WWE United States Championship
Titus O'Neil
62.8%
WWE Intercontinental Championship
Apollo Crews
62.4%
WWE Intercontinental Championship
Darren Young
62.4%
WWE United States Championship
Neville
58.5%
WWE Cruiserweight Championship
Gran Metalik
58%
Raw Women's Championship
Paige
57%
SmackDown Tag Team Championship
Viktor
55.8%
SmackDown Tag Team Championship
Konnor
55.5%
WWE Intercontinental Championship
Tyler Breeze
52.2%
WWE Intercontinental Championship
Kane
49.9%
WWE Intercontinental Championship
Apollo Crews
49.3%
WWE United States Championship
Mark Henry
37.6%
WWE Intercontinental Championship
Curt Hawkins
31.1%
Quiz Playlist
Details
Report
Send in Message
Add To Playlist
Classic:
Type in answers that appear in a list
Last Updated: Sep 3, 2017
Quiz Scoreboard
CHALLENGE
Sign Up to Join the Scoreboard
Show All
Scores
Hide
Comments
May contain spoilers
Recently Published
College Basketball Coaching Resumes
by pancakes188
Sports
9m
Billboard Blitz: Fleetwood Mac
by CooCooCachoo
Music
15s
Presidents Visiting Landmarks
by Hejman
History
7m
More to Explore
Quiz From the Vault
Featured Blog Post
Where Did the Easter Bunny Come From?
hide this ad
You Might Also Like...
Tags
WWE Quiz
Pro Wrestling
Wrestling
Wrestling Champions
Today's Top Quizzes in Sports
Browse Sports
hide this ad
Today's Top Quizzes in WWE
Browse WWE
Top Contributed Quizzes in Sports
1
2022 World Cup Stars
2
Les meilleurs buteurs des matchs entre le PSG et l’OM
3
FIFA Club World Cup Champions
4
Les entraîneurs de l'OM et du PSG au 21e siècle
5
Criteria MLB: Left Handed Sluggers
6
AFC Teams Reveal (Wrong Answers Minefield)
7
5-to-1: UK Sports Teams
8
5-to-1: FBS Animal Nicknames
9
2023 MLB Unique Player Accomplishments
10
Name the Premier League winners with different clubs
Explore More
Trending Topics
NBA
Marvel
Anime
Crossword
Kpop
Disney
Harry Potter
Soccer
Country
WWE
Pokémon
Puzzle
NFL
Song
The Office
hide this ad
More By:
antagonjst
Quiz
Plays
Rating
Category
Featured
Created
4.5+ Star WWE Matches, Part 1
25,273
4.77
Sports
Jul 3, 2016
Pro Wrestling Flagship PPV Main Events
8,065
5.00
Sports
Sep 11, 2016
Ultimate WWE Accomplishment Quiz
7,483
4.97
Sports
Aug 1, 2016
4.5+ Star WWE Matches, Part 2
5,457
5.00
Sports
Mar 4, 2018
10 Years of WWE Championship Defences
5,442
4.75
Sports
Aug 2, 2016
Go to Creator's Profile
Score Distribution
Quiz Creator Spotlight
antagonjst
Follow
Send a Message
Quizzes Created
-
Created Quiz Play Count
-
More By This Creator
Popular Quizzes Today
1
Find the US States - No Outlines Minefield
2
Find the Countries of Europe - No Outlines Minefield
3
The Countries of the World
4
Find the US States
5
Risky Map Clicking: Biggest States A-Z
6
US States
7
Popular People in 1961
8
Movies - When Are They Set?
More Sports Quizzes
England's One Cap Wonders
Curator's Pick
Trending Quizzes
Risky Map Clicking: Least Populous States A-Z
1-10 Letter G Words
1-10 Letter F Words
Risky Map Clicking: Next State Alphabetically
Risky Map Clicking: Biggest States A-Z
Recently Updated
Leaping Animals
pecheneg
Reality TV Shows (A-Z)
bhenderson79
Rickey Henderson's Hall of Fame Teammates
pecheneg
Champions League XIs: Arsenal
pecheneg
Quick Pick: Celebrities in WWE's Hall of Fame
aduchscher
A-Z Keypad Blitz II
pecheneg
Multiple Oscar Actors
pecheneg
Mystery Phrase Blitz: Oscar 'Best Actors'
pecheneg
F. Scott Fitzgerald Novels
LTH
Pick 3 Villains
ddd62291
Trending Topics
NBA
Disney
Crossword
Harry Potter
Anime
Marvel
Kpop
Song
NFL
WWE
Puzzle
The Office
Soccer
Country
Pokémon
Your Account Isn't Verified!
In order to create a playlist on Sporcle, you need to verify the email address you used during registration. Go to your
Sporcle Settings
to finish the process.
Report this User
Report this user for behavior that violates our
Community Guidelines
.
Details:
Send Report
Go to the Sporcle.com Mobile Site →
Comments